Solvency II - řízení a organizace procesu výpočtů

Reforma regulujúca európske poisťovníctvo Solvency II, prinesie veľa nových zmien. Dosah týchto zmien na poisťovne a efektívne riadenie oddelenia rizík v poisťovni. Procesné riadenie a organizácia procesov výpočtu technického zaistenia poisťovne.

Salvato in:
Dettagli Bibliografici
Autore principale: Lavrenčík, Petr
Natura: Capitolo di libro
Lingua:ceco
Soggetti:
Tags: Aggiungi Tag
Nessun Tag, puoi essere il primo ad aggiungerne!!

MARC

LEADER 00000naa a2200000 4500
001 0215188
005 20221104110612.1
041 0 |a cze 
044 |a CZ 
245 1 0 |a Solvency II - řízení a organizace procesu výpočtů  |c Petr Lavrenčík 
520 |a Reforma regulujúca európske poisťovníctvo Solvency II, prinesie veľa nových zmien. Dosah týchto zmien na poisťovne a efektívne riadenie oddelenia rizík v poisťovni. Procesné riadenie a organizácia procesov výpočtu technického zaistenia poisťovne. 
610 2 0 |a manažment 
610 2 0 |a riadenie rizík 
610 2 0 |a riadenie strategické 
610 2 0 |a riadenie procesné 
610 2 0 |a metódy riadenia 
610 2 0 |a riadenie zmien 
610 2 0 |a organizácia riadenia 
610 2 0 |a poisťovne 
100 1 |a Lavrenčík, Petr